Jerónimo Martorell Terrats : (1876-1951), in memoriam (1876-1951), in memoriam
Descripción Física:
Il·lustracions
Colección:
San Jorge,
; núm. 4 (octubre 1951), pàg. 32-37
Materias:
Martorell i Terrats, Jeroni, -- 1877-1951
; Barcelona (Catalunya : Província). -- Servei de Catalogació i Conservació de Monuments
Idioma:
Español
MARC
| LEADER | 00000naa a2200000 a 4500 | ||
|---|---|---|---|
| 003 | Arxiu | ||
| 005 | 20260324181031.0 | ||
| 008 | 160829s1951 spcaxx s dspa c | ||
| 040 | |a agdb | ||
| 245 | 0 | 0 | |a Jerónimo Martorell Terrats : |b (1876-1951), in memoriam |
| 300 | |b Il·lustracions | ||
| 490 | |a San Jorge, |v núm. 4 (octubre 1951), pàg. 32-37 | ||
| 600 | 0 | |a Martorell i Terrats, Jeroni, |d 1877-1951 |9 53604 | |
| 610 | 0 | |9 54088 |a Barcelona (Catalunya : Província). |b Servei de Catalogació i Conservació de Monuments | |
| 773 | |t San Jorge. |g Núm. 4 (octubre 1951), pàg. 32-37 | ||
| 901 | |a Arxiu | ||
| 942 | |n 1 |2 udc |c ART | ||
| 952 | |0 0 |1 0 |4 0 |6 REV508 |7 1 |9 64576 |a Arxiu |b Arxiu |d 2022-12-01 |l 0 |o Rev-508 |r 2022-12-01 00:00:00 |w 2022-12-01 |y ARXIU |z També disponible a Rev-521 | ||
| 999 | |c 47770 |d 47770 | ||